Responses for show #5365 - Friday, December 28, 2007

Dan Pawson game 2.

Contestants

[<< previous game]

Heather Doyle, a high school English teacher from St. Louis, Missouri

Theo Arnold, a teacher from San Diego, California

Dan Pawson, a legislative aide from Boston, Massachusetts (whose 1-day cash winnings total $9,700)

[next game >>]

Jeopardy! Round responses

ASIAN COUNTRIES
ON BROADWAY
MULTIPLE CHOICE
WHAT A REVOLTIN' DEVELOPMENT!
TRANSPORTATION
3-LETTER THE BETTER
    $200 11
North & South Korea

Theo
    $200 13
Bears

Theo
    $200 6
Consternation

Theo
    $200 17
West Virginia

Dan
    $200 25
Harley-Davidson

Theo
    $200 1
a pew

Theo
    $400 12
Japan

Heather
    $400 18
Rent

Dan
    $400 7
(Theo: What is a bird?)

an herb

TheoHeather
    $400 22
Nat Turner

Triple Stumper
    $400 26
Chesapeake Bay

Dan
    $400 2
a ham

Heather
    $600 14
Vietnam

Theo
    $600 19
The Color Purple

Dan
    $600 8
(Dan: What is Russia?)
(Heather: What is Italy?)
...
(Alex: Allons enfants de la Patrie.)

France

DanTheoHeather
    $600 23
Haiti

Heather
    $600 28
a helipad

Dan
    $600 3
an elk

Heather
    $800 15
China

Triple Stumper
    $800 20
German

Triple Stumper
    $800 9
Paladin

Theo
    $800 24
the Whiskey Rebellion

Heather
    $800 29
(Theo: What is a hovercraft?)

a go-kart

Theo
Triple Stumper
    $800 4
to sob

Theo
    $1000 16
(Alex: The man is Norodom Sihanouk, the country is [*], and we're taking a break right now.)

Cambodia

Triple Stumper
    $1000 21
Chicago

Dan
    $1000 10
(Alex: You'd be wise to take a guess and try to come up with [*]. Nuclear.)

Tonga

Triple Stumper
    $1000 27
Garibaldi

Dan
    $1000 30
(Theo: What is an escalator?)

a funicular

Theo
Triple Stumper
    $1000 5
(Alex: That's when you [*] someone.)

mug

Triple Stumper

Scores at the first commercial break (after clue 16):

Dan Theo Heather
-$600 $3,200 $1,200

Scores at the end of the Jeopardy! Round:

Dan Theo Heather
$3,600 $1,600 $2,600

Double Jeopardy! Round responses

MUSICAL INSTRUMENTS
TV MATH
IN LINE FOR BRITAIN'S THRONE
SHAKESPEARE'S CHARACTERS
IF YOU BUILD IT...
THEY WILL "UM"
    $400 1
the slide

Theo
    $400 20
(Alex: [*], 3 minus 2. Yes.)

1

Heather
    $400 7
Prince Charles

Theo
    $400 14
Hamlet

Theo
    $400 25
the Luxor

Heather
    $400 3
an umpire

Theo
    $800 2
the glockenspiel

Heather
    $800 21
6,000,001

Heather
    $800 8
William

Heather
    $800 16
Friar Lawrence

Dan
    $800 26
the Erie Canal

Dan
    $800 9
your umbilical cord

Theo
    $1200 4
(Heather: What is a blower?)

a bellows

TheoHeather
    $1200 22
(Alex: [*], 8 and 3.)

24

Dan
    $1200 10
Princess Margaret

Triple Stumper
    $1200 17
Cressida

Dan
    $1200 27
the Ark (of the Covenant)

Dan
    $1200 11
umbrage

Heather
    $2,000 5
(Alex: Obviously, you have had some musical training.)

the harp

Theo
    $3,000 23
(Alex: That's right. 30 Rock, 2 1/2 Men.)

27 1/2

Dan
    $1600 15
Beatrice

Heather
    $1600 18
Petruchio

Dan
    $1600 28
a rotunda

Theo
    $1600 12
Umbria

Theo
    $2000 6
a concertina

Triple Stumper
    $2000 24
4080

Heather
    $2000 30
Gloucester

Theo
    $2000 19
(Theo: Who is "Tih-MOAN?")
(Alex: "Tih-MOAN?" "TIH-mun." "Tee-moan" was the other one.)
(Theo: I thought they were the same.)
(Alex: No. So did Shakespeare.)

Timon

Theo
    $2000 29
(Theo: Who is Fulton?)

Molson

TheoHeather
    $2000 13
an umlaut

Heather

Scores at the end of the Double Jeopardy! Round:

Dan Theo Heather
$13,400 $12,400 $13,400

[wagering suggestions for these scores]

Final Jeopardy! Round responses

U.S. STATES
TheoWhat are Arizona and California?
$12,397
HeatherWhat are Hawaii and [something scribbled out] Texas?
$13,400
DanWhat are Hawaii + Texas?
$13,400
(2 of) Hawaii, Texas, California, & Vermont

Final scores:

Dan Theo Heather
$26,800 $3 $26,800
2-day co-champion: $36,500 2nd place: $2,000 New co-champion: $26,800

Game dynamics:

Coryat scores:

Dan Theo Heather
$12,000 $12,000 $13,400
14 R
(including 1 DD),
1 W
20 R
(including 1 DD),
4 W
16 R
(including 1 DD),
2 W

Combined Coryat: $37,400

The J! Archive is created by fans, for fans. The Jeopardy! game show and all elements thereof, including but not limited to copyright and trademark thereto, are the property of Jeopardy Productions, Inc. and are protected under law. This website is not affiliated with, sponsored by, or operated by Jeopardy Productions, Inc. Join the discussion at JBoard.tv.